<?xml version="1.0" encoding="UTF-8"?>
<record
    xmlns:xsi="http://www.w3.org/2001/XMLSchema-instance"
    xsi:schemaLocation="http://www.loc.gov/MARC21/slim http://www.loc.gov/standards/marcxml/schema/MARC21slim.xsd"
    xmlns="http://www.loc.gov/MARC21/slim">

  <leader>01091nam a22002657a 4500</leader>
  <datafield tag="952" ind1=" " ind2=" ">
    <subfield code="a">0001</subfield>
    <subfield code="b">0001</subfield>
    <subfield code="d">2022-09-08</subfield>
    <subfield code="l">0</subfield>
    <subfield code="o">150.195 M62 2020</subfield>
    <subfield code="p">020534</subfield>
    <subfield code="r">2022-09-08 00:00:00</subfield>
    <subfield code="w">2022-09-08</subfield>
    <subfield code="y">BKS</subfield>
  </datafield>
  <datafield tag="999" ind1=" " ind2=" ">
    <subfield code="c">14996</subfield>
    <subfield code="d">14996</subfield>
  </datafield>
  <controlfield tag="003">MIRAKIL</controlfield>
  <controlfield tag="005">20220908170826.0</controlfield>
  <controlfield tag="008">220908b        tu ||||| |||| 00| 0 tur d</controlfield>
  <datafield tag="020" ind1=" " ind2=" ">
    <subfield code="a">9786053995593</subfield>
  </datafield>
  <datafield tag="040" ind1=" " ind2=" ">
    <subfield code="a">TR-AnCHP</subfield>
    <subfield code="c">TR-AnCHP</subfield>
  </datafield>
  <datafield tag="041" ind1=" " ind2=" ">
    <subfield code="a">Tur</subfield>
  </datafield>
  <datafield tag="082" ind1=" " ind2=" ">
    <subfield code="a">150.195</subfield>
    <subfield code="b">M62 2020</subfield>
  </datafield>
  <datafield tag="245" ind1="1" ind2="0">
    <subfield code="a">Modern zamanlarda di&#x15F;il ve Oidipus : </subfield>
    <subfield code="b">Uluslararas&#x131; psikanaliz y&#x131;ll&#x131;&#x11F;&#x131; 2020</subfield>
    <subfield code="c"> yay&#x131;na haz&#x131;rlayan Cem T&#xFC;z&#xFC;n; &#xE7;evirmenler: Asl&#x131; Day, Asl&#x131; Kuruo&#x11F;lu, Ay&#x15F;eg&#xFC;l Yay, ...(ve &#xF6;te.)</subfield>
  </datafield>
  <datafield tag="246" ind1=" " ind2=" ">
    <subfield code="a">Uluslararas&#x131; psikanaliz y&#x131;ll&#x131;&#x11F;&#x131; 2020</subfield>
  </datafield>
  <datafield tag="260" ind1=" " ind2=" ">
    <subfield code="a">&#x130;stanbul : </subfield>
    <subfield code="b">&#x130;stanbul Bilgi &#xDC;niversitesi,</subfield>
    <subfield code="c">2020.</subfield>
  </datafield>
  <datafield tag="300" ind1=" " ind2=" ">
    <subfield code="a"> xix, 244 s. ; </subfield>
    <subfield code="c">24 sm.</subfield>
  </datafield>
  <datafield tag="490" ind1="0" ind2=" ">
    <subfield code="a">&#x130;stanbul Bilgi &#xDC;niversitesi Yay&#x131;nlar&#x131;  ;</subfield>
    <subfield code="a">Psike &#x130;stanbul Psikanaliz Kitapl&#x131;&#x11F;&#x131; Uluslararas&#x131; Psikanaliz Y&#x131;ll&#x131;&#x11F;&#x131;  ;</subfield>
    <subfield code="v">669.</subfield>
    <subfield code="v">6. </subfield>
  </datafield>
  <datafield tag="504" ind1=" " ind2=" ">
    <subfield code="a">Kaynak&#xE7;a ve dizin vard&#x131;r.</subfield>
  </datafield>
  <datafield tag="650" ind1=" " ind2="0">
    <subfield code="9">5678</subfield>
    <subfield code="a">Psikanaliz</subfield>
  </datafield>
  <datafield tag="700" ind1="1" ind2=" ">
    <subfield code="9">4579</subfield>
    <subfield code="a">T&#xFC;z&#xFC;n, Cem</subfield>
    <subfield code="e">yay. haz.</subfield>
  </datafield>
  <datafield tag="700" ind1=" " ind2=" ">
    <subfield code="9">7183</subfield>
    <subfield code="a">Day, Asl&#x131;</subfield>
    <subfield code="e">&#xE7;ev.</subfield>
  </datafield>
  <datafield tag="700" ind1=" " ind2=" ">
    <subfield code="9">7184</subfield>
    <subfield code="a">Kuruo&#x11F;lu, Asl&#x131;</subfield>
    <subfield code="e">&#xE7;ev.</subfield>
  </datafield>
  <datafield tag="740" ind1=" " ind2=" ">
    <subfield code="a">Uluslararas&#x131; psikanaliz y&#x131;ll&#x131;&#x11F;&#x131; 2020</subfield>
  </datafield>
  <datafield tag="942" ind1=" " ind2=" ">
    <subfield code="2">ddc</subfield>
    <subfield code="c">BKS</subfield>
  </datafield>
</record>
